000 01543nam a2200409 a 4500
001 dia_4826
003 CHAP
005 20240730002452.0
007 ta
008 220117s2010 mx ado fr 001 0 spa d
010 _a175626
020 _a987-607-15-0277-3
040 _cCHAP
_amxchpua
050 1 _aTA351
_b.M43 2010
082 _a631.1
_bM43 2010
_220
240 1 0 _aVector mechanics for engineers, Statics.
_lEspañol
245 1 0 _aMecánica vectorial para ingenieros :
_bestática /
_cFerdinand P. Beer...[y otros 3] ; traductor Jesús Elmer Murrieta Murrieta
250 _a9a edición
260 _aMéxico :
_bMcGraw-Hill,
_c2010
300 _axii, 625 páginas :
_bilustraciones, gráficas, fotos
440 _aEducación
_935410
650 1 7 _aEstática
_2lcsh
_938334
650 1 0 _aAnálisis Vectorial
_95995
_2lcsh
650 1 0 _aMecánica, aplicada
_973818
_2lcsh
650 1 0 _aMechanics, Applied
_9150315
_2lcsh
650 1 0 _aStatics
_9153009
_2lcsh
650 1 0 _aVector analysis
_9154469
_2lcsh
700 1 _aJohnston, E. Russell
_961892
_eautor
700 1 _aMazurek, David F.
_9124426
_eautor
700 1 _aEisenberg, Elliot R.
_9189289
_eautor
700 1 _aMurrieta Murrieta, Jesús Elmer
_9154470
_etraductor
856 4 1 _uhttps://frh.cvg.utn.edu.ar/pluginfile.php/52831/mod_resource/content/2/000-mecnica-vectorial-paraingenieros-8-edicion.pdf
_yDESCARGAR PDF 8a ED
901 _a631.1 M43 2010
902 _aM
905 _a5232272010 mx imna8222223322spa16
942 _cLIBRO
_2ddc
999 _c175626
_d175626